000 00196 a2200097 4500
020 _a9788425512841
041 _aspa
100 _aSadgrove,Judi
245 _aTu salud despues del parto
942 _cBK
999 _c7144
_d7144